| 000 | 00427nam a22001697a 4500 | ||
|---|---|---|---|
| 999 |
_c60722 _d60722 |
||
| 005 | 20231013152848.0 | ||
| 008 | 231013s1973 enk||||| |||| 00| 0 eng d | ||
| 020 | _a0882250264 | ||
| 041 | _aeng | ||
| 080 | _a94(38) G-77 | ||
| 100 |
_aGreen, Peter _920073 |
||
| 245 |
_aThe Parthenon / _cPeter Green. |
||
| 264 |
_aNew York, _c1973. |
||
| 300 |
_a172 p.; _bill. _c30 cm. |
||
| 653 | _aისტორია | ||
| 942 |
_2udc _cBK |
||